000 00290nam a2200133Ia 4500
008 190216s9999||||xx |||||||||||||| ||und||
100 _aKhanna.M.L
245 0 _aModern Algebra
250 _aFIFTH
260 _bJaiprakashnath&Co:
300 _a450
650 _aMathematics
942 _cBK
999 _c30676
_d30676